000 00705nam a2200181Ia 4500
008 090124s9999 xx 000 0 und d
082 _b117915
100 _aताम्हनकर वि.भा.( विनायक भास्कर )
245 _a मुक्तानंद चांगदेव
250 _a1
260 _c1979
300 _a162
600 _aताम्हनकर वि.भा.( विनायक भास्कर )
630 _a मुक्तानंद चांगदेव
700 _aताम्हनकर वि.भा.( विनायक भास्कर )
730 _a मुक्तानंद चांगदेव
942 _cBOOK
999 _c164002
_d164002